al-Jāsūs ʻalá al-Qāmūs /

محفوظ في:

المؤلف الرئيسي: Shidyāq, Aḥmad Fāris, 1804?-1887 (مؤلف)

مؤلفون آخرون: Fīrūzābādī, Muḥammad ibn Yaʻqūb, 1329-1414 or 1415.

التنسيق: كتاب

اللغة: Arabic

منشور في: Qustạntị̄nīyah : Matḅaʻat al-Jawāʼib, 1299 [1881 or 1882].

الموضوعات:

الوسوم: إضافة وسم

لا توجد وسوم, كن أول من يضع وسما على هذه التسجيلة!

رقم الطلب: ( RA )PJ6620 .F53 Q28 S55 1881

LEADER 01436nam a2200265Ia 4500
003 OSt
005 20240523112837.0
008 990504s1881 tu 000 0 ara d
952 |0 0  |1 0  |2 lcc  |3 C.1  |4 0  |7 1  |9 64357  |a ARCE  |b ARCE  |d 2024-03-07  |l 0  |o ( RA )PJ6620 .F53 Q28 S55 1881  |p 1023845  |r 2024-03-07 00:00:00  |w 2024-03-07  |y BK 
952 |0 0  |1 0  |2 lcc  |3 C.2  |4 0  |7 1  |9 64358  |a ARCE  |b ARCE  |d 2024-03-07  |l 0  |o ( RA )PJ6620 .F53 Q28 S55 1881  |p 1023846  |r 2024-03-07 00:00:00  |w 2024-03-07  |y BK 
999 |c 27366  |d 27366 
040 |c ARCE Library 
050 4 |a ( RA )PJ6620 .F53 Q28 S55 1881 
100 1 |6 880-01  |a Shidyāq, Aḥmad Fāris,  |d 1804?-1887,  |e author  |9 39961 
245 1 3 |6 880-02  |a al-Jāsūs ʻalá al-Qāmūs /  |c taʼlīf Aḥmad Fāris al-Shiyāq. 
264 1 |a Qustạntị̄nīyah :   |b Matḅaʻat al-Jawāʼib,   |c 1299 [1881 or 1882]. 
300 |a 690 pages ;  |c 29 cm. 
500 |a Library has 2 copies. 
650 0 |a Arabic language  |x Lexicography. 
700 1 2 |a Fīrūzābādī, Muḥammad ibn Yaʻqūb,  |d 1329-1414 or 1415.  |t Qāmūs al-muḥīṭ. 
740 0 2 |a Qāmūs al-muḥīṭ. 
880 1 |6 100-01/(3/r  |a شدياق، أحمد فارس،  |d 1804?-1887. 
880 1 2 |6 245-02/(3/r  |a الجاسوس على القاموس   |c تأليف أحمد فارس الشدياق.‪‪‪‪‪‪‪‪‪‪‪‪‪‪‪‪‪‪‪‪‪‪‪‪‪‪‪‪‪‪‪‪‪‪‪‪‪‪‪‪‪‪‪‪‪‪‪‪‪‪ 
901 |a reviewed 
942 |c BK  |2 lcc